000 00185 a2200097 4500
020 _a047132004957
041 _aeng
100 _aLois Ehlert
245 _aplantting arainbow
942 _cK
999 _c30318
_d30316